Hartford Gerontological Nursing Leaders: from funding initiative to national organization (Record no. 329500)
[ view plain ]
| 000 -LEADER | |
|---|---|
| fixed length control field | 00603nam a2200133Ia 4500 |
| 008 - FIXED-LENGTH DATA ELEMENTS--GENERAL INFORMATION | |
| fixed length control field | 170419s9999 xx 000 0 und d |
| 100 ## - MAIN ENTRY--PERSONAL NAME | |
| Personal name | Van Cleave, Janet H. |
| 245 ## - TITLE STATEMENT | |
| Title | Hartford Gerontological Nursing Leaders: from funding initiative to national organization |
| 245 ## - TITLE STATEMENT | |
| Statement of responsibility, etc | Janet H. Van Cleave, Sarah L. Szanton, Casey Shillam, Karen Rose, Aditi D. Rao, Adriana Perez, Melissa O'Connor, Rachel Walker, Bill Buron, Marie Boltz, Jennifer Bellot, Melissa Batchelor-Murphy. |
| 260 ## - PUBLICATION, DISTRIBUTION, ETC. (IMPRINT) | |
| Name of publisher, distributor, etc | Elsevier |
| 260 ## - PUBLICATION, DISTRIBUTION, ETC. (IMPRINT) | |
| Date of publication, distribution, etc | 2016 |
| 300 ## - PHYSICAL DESCRIPTION | |
| Extent | January/February 2016 |
| 440 ## - SERIES STATEMENT/ADDED ENTRY--TITLE | |
| Title | Journal of Profesional Nursing |
| Volume number/sequential designation | 32:1 |
| Withdrawn status | Lost status | Damaged status | Home library | Current library | Date acquired | Total Checkouts | Date last seen | Price effective from | Koha item type |
|---|---|---|---|---|---|---|---|---|---|
| College Library | College Library | 04/19/2017 | 04/19/2017 | 04/19/2017 | Periodicals |